| 000 | 00448 a2200169 4500 | ||
|---|---|---|---|
| 001 | 74262 | ||
| 020 | _a852625414-6 | ||
| 040 | _cAnchieta - Colégio São Paulo | ||
| 100 | _aSantos, Maria Lúcia dos | ||
| 240 | 1 | 0 |
_aA expressão livre no aprendizado da Lingua Portuguesa _lpor |
| 245 | 1 | 0 | _aA expressão livre no aprendizado da Lingua Portuguesa |
| 300 | _a285 | ||
| 362 | 0 | _a2004 | |
| 440 | 1 | _aScipione | |
| 650 | 4 | _aEducação | |
| 942 | _cBK | ||
| 999 |
_c74262 _d74262 |
||